Morocco... or Monaco? - Statistics

General Stats
  • This quiz has been taken 1,138 times
    1,103 since last reset
  • The average score is 10 of 20
Answer Stats
Question Answer % Correct
Which country has been occupied or colonized by Spain before? Morocco
83%
The word "Monégasque" is the demonym of which country? Monaco
76%
Which country uses "MC" or “MCO” as their ISO nationality code? Monaco
75%
Which country was the first country to recognize United States independence in the world? Morocco
72%
Which country has been occupied or colonized by France before? Both
68%
Which country was part of the Roman Empire? Both
55%
Which country has been occupied or colonized by Italy before? Monaco
55%
Which country is currently monarchy? Both
53%
Which country joined the United Nation first? Morocco
53%
Which country's most popular sport is football? Morocco
52%
Which country uses French as one of its official languages? Monaco
49%
Which country has more French-speaking population? Morocco
49%
Which country is a member of the NATO? Neither
48%
Which country has a higher total GDP? Morocco
40%
Which country is a member of the UfM (Union for the Mediterranean)? Both
36%
Which country has been occupied or colonized by Germany before? Monaco
35%
Which country has the shortest land border with another country in the world? Morocco
34%
Which country has applied for accession to the EU before? Morocco
25%
Which country has participated in the Eurovision Song Contest before? Both
18%
Which country is a recognized candidate or potential member of the EU? Neither
14%
No matching quizzes found
Score Distribution
Percent of People with Each Score
Percentile by Number Answered
Your Score History
You have not taken this quiz since the last reset